| 000 | 00588nam a2200241Ia 4500 | ||
|---|---|---|---|
| 005 | 20250425161758.0 | ||
| 008 | 250425s9999 xx 000 0 und d | ||
| 020 | _a968183769X | ||
| 041 | _aspa | ||
| 082 | _a657.42 | ||
| 100 | _aREYES PEREZ, ERNESTO | ||
| 245 | 0 | _aCONTABILIDAD DE COSTOS: SEGUNDO CURSO | |
| 250 | _a4A ED. | ||
| 260 | _aMEXICO | ||
| 260 |
_aMéxico _bLIMUSA : NORIEGA _c1996 |
||
| 300 | _a236 | ||
| 650 | _aCONTABILIDAD DE COSTOS | ||
| 650 | _aCOSTOS | ||
| 650 | _aDETERMINACION DE COSTOS | ||
| 650 | _aPRESUPUESTOS | ||
| 942 | _c01 | ||
| 010 | _a28655 | ||
| 999 |
_c215936 _d215936 |
||